[Event "68th ch-RUS HL w 2018"]
[Site "Yaroslavl RUS"]
[Date "2018.06.29"]
[Round "4.17"]
[White "Charochkina, Daria"]
[Black "Shafigullina, Zarina"]
[Result "1-0"]
[WhiteTitle "IM"]
[BlackTitle "WFM"]
[WhiteElo "2343"]
[BlackElo "2191"]
[WhiteFideId "4180917"]
[BlackFideId "24174220"]
[EventDate "2018.06.26"]

1. e4 c5 2. Nf3 Nc6 3. Bb5 g6 4. c3 Bg7 5. d4 Qb6 6. Ba4 cxd4 7. O-O dxc3 8.
Nxc3 Nf6 9. e5 Ng4 10. Nd5 Qd8 11. Bg5 Ngxe5 12. Nxe5 Bxe5 13. f4 Bd4+ 14. Kh1
f6 15. Bh6 Kf7 16. f5 e6 17. Nxf6 Bxf6 18. fxg6+ hxg6 19. Bg5 Qc7 20. Rxf6+ Kg7
21. Bf4 Qa5 22. Bxc6 Kxf6 23. Qd4+ e5 24. Bxe5+ Qxe5 25. Rf1+ Ke6 26. Bd5+ Kd6
27. Rf6+ Qxf6 28. Qxf6+ Kxd5 29. Qxh8 b6 30. Qg8+ Kc5 31. b4+ Kc6 32. Qc4+ Kd6
33. Qe4 1-0

[Event "68th ch-RUS HL w 2018"]
[Site "Yaroslavl RUS"]
[Date "2018.06.29"]
[Round "4.18"]
[White "Semenova, Elena1"]
[Black "Lingur, Zalina"]
[Result "1-0"]
[WhiteTitle "WIM"]
[BlackTitle "WFM"]
[WhiteElo "2238"]
[BlackElo "2101"]
[WhiteFideId "24125148"]
[BlackFideId "34165670"]
[EventDate "2018.06.26"]

1. e4 d6 2. d4 g6 3. Nc3 Bg7 4. f4 Nf6 5. Nf3 c5 6. Bb5+ Bd7 7. Bxd7+ Nfxd7 8.
d5 Qa5 9. O-O b5 10. e5 O-O 11. e6 fxe6 12. dxe6 Nb6 13. Ng5 Bxc3 14. bxc3 Qxc3
15. Rb1 Nc6 16. Qg4 Nc4 17. Rb3 Qg7 18. Rxb5 Nd4 19. Rb7 Nf5 20. Qe2 d5 21. Rd1
Nd4 22. Qf2 h6 23. c3 Nf5 24. Nf7 Qxc3 25. g4 Nd4 26. Nxh6+ Kh8 27. Rxe7 Rf6 28.
Nf7+ Kg8 29. Ng5 Kf8 30. Rf7+ Rxf7 31. exf7 Rb8 32. Re1 Nd6 33. Bd2 Qb2 34. Qe3
Nc6 35. Bc3 Qb6 36. Qh3 c4+ 37. Kh1 Nxf7 38. Nxf7 d4 39. Ng5 Ne7 40. Qh6+ Ke8
41. Qh8+ Kd7 42. Qxd4+ 1-0

[Event "68th ch-RUS HL w 2018"]
[Site "Yaroslavl RUS"]
[Date "2018.06.29"]
[Round "4.19"]
[White "Getman, Tatyana"]
[Black "Dimitrova, Aleksandra"]
[Result "1-0"]
[WhiteTitle "WFM"]
[BlackTitle "WIM"]
[WhiteElo "2146"]
[BlackElo "2220"]
[WhiteFideId "34166146"]
[BlackFideId "24173371"]
[EventDate "2018.06.26"]

1. d4 Nf6 2. c4 e6 3. Nf3 c5 4. d5 b5 5. Bg5 exd5 6. cxd5 d6 7. e4 a6 8. Nbd2
Be7 9. Bf4 O-O 10. a4 b4 11. Bd3 Ne8 12. O-O f5 13. exf5 Bxf5 14. Bxf5 Rxf5 15.
Bg3 Nf6 16. Qe2 Qd7 17. Nc4 Nxd5 18. Rad1 Ra7 19. Rxd5 Rxd5 20. Nb6 Qf5 21. Qc4 1-0

[Event "68th ch-RUS HL w 2018"]
[Site "Yaroslavl RUS"]
[Date "2018.06.29"]
[Round "4.20"]
[White "Faizutdinova, Diana"]
[Black "Kochukova, Anna"]
[Result "1-0"]
[BlackTitle "WFM"]
[WhiteElo "2046"]
[BlackElo "2170"]
[WhiteFideId "24143731"]
[BlackFideId "24173932"]
[EventDate "2018.06.26"]

1. c4 e5 2. Nf3 e4 3. Nd4 Nc6 4. Nxc6 dxc6 5. Nc3 Nf6 6. e3 Bf5 7. Qb3 b6 8. Qc2
Qd7 9. h3 h5 10. b3 Be7 11. Bb2 O-O-O 12. a3 g5 13. b4 Rhe8 14. c5 g4 15. Ne2 b5
16. Nd4 Bg6 17. a4 Nd5 18. axb5 Nxb4 19. Qc4 cxb5 20. Qxb4 c6 21. Ra6 1-0

[Event "68th ch-RUS HL w 2018"]
[Site "Yaroslavl RUS"]
[Date "2018.06.29"]
[Round "4.21"]
[White "Yakushina, Ekaterina"]
[Black "Ustich, Ekaterina"]
[Result "1/2-1/2"]
[WhiteElo "1886"]
[BlackElo "2028"]
[WhiteFideId "34166014"]
[BlackFideId "24179221"]
[EventDate "2018.06.26"]

1. d4 Nf6 2. c4 e6 3. g3 d5 4. Nf3 dxc4 5. Bg2 Be7 6. O-O O-O 7. Qc2 c5 8. Qxc4
Nc6 9. dxc5 Qa5 10. a3 Qxc5 11. Qxc5 Bxc5 12. b4 Bb6 13. Bb2 Rd8 14. Nbd2 e5 15.
Nc4 Bd4 16. Nxd4 exd4 17. Rfd1 Bg4 18. Bxc6 bxc6 19. f3 Be6 20. Ne5 d3 21. Rxd3
Rxd3 22. Nxd3 Bc4 23. Kf2 Nd7 24. Bd4 a5 25. Nb2 Be6 26. Rc1 axb4 27. axb4 Ra6
28. Nd3 h6 29. Ra1 Rxa1 30. Bxa1 g6 31. e4 Kf8 32. g4 Bc4 33. Nf4 c5 34. bxc5
Nxc5 35. Ke3 Nd7 36. h4 Bb3 37. Bb2 Nb6 38. Bc3 Bd1 39. Kf2 Na4 40. Bd4 Ke7 41.
Bg7 g5 42. Nd5+ Ke6 43. h5 Nc5 44. Bxh6 Nxe4+ 45. fxe4 Bxg4 46. Bxg5 Bxh5 47.
Ke3 Bd1 48. Nf4+ Kd7 49. Bf6 Bc2 50. e5 Bb3 51. Kf3 Bc4 52. Kg4 Bb3 53. Kg5 Bc4
54. Kh6 Bb3 55. Kg7 Ke8 56. Nd3 Bc4 57. Nc5 Bd5 58. Kg8 Bc6 59. Nb3 Bb7 60. Nd4
Bd5 61. Nf5 Bb3 62. Nd6+ Kd7 63. Kg7 Ba2 64. Nxf7 Bb3 65. Nd6 Bd5 66. Kg6 Ba2
67. Kf5 Be6+ 68. Ke4 Ba2 69. Kd4 Bg8 70. Ne4 Ba2 71. Nc5+ Ke8 72. Ke4 Kf7 73.
Kf5 Bc4 74. e6+ Bxe6+ 75. Nxe6 Ke8 76. Nc5 Kf7 77. Kg5 Ke8 78. Kg6 Kf8 79. Bg5
Ke8 80. Bf6 Kf8 81. Kf5 Kf7 82. Ne4 Ke8 83. Ke6 Kf8 84. Ng5 Ke8 85. Bg7 Kd8 86.
Kd6 Kc8 87. Bd4 Kb7 88. Ne6 Ka6 89. Kc5 Kb7 90. Kb5 Kb8 91. Kc6 Kc8 92. Bf6 Kb8
93. Nf4 Kc8 94. Nd5 Kb8 95. Kb6 Kc8 96. Ne7+ Kd7 97. Kc5 Ke6 98. Bh4 Ke5 99.
Ng6+ Kf5 100. Ne7+ Ke5 101. Bf2 Ke6 102. Nd5 Ke5 103. Be3 Kf5 104. Kd6 Ke4 105.
Bg1 Kf5 106. Nc3 Kf6 107. Bh2 Kf5 108. Be5 Kg4 109. Ke6 Kg5 110. Ne4+ Kg4 111.
Kf6 Kf3 112. Kf5 Ke3 113. Nc5 Kf3 114. Bd4 Ke2 115. Ke4 Kd2 116. Kf3 Kd1 117.
Ke3 Ke1 118. Ne4 Kd1 119. Kd3 Ke1 120. Ng3 Kd1 121. Bc3 Kc1 122. Ne2+ Kd1 123.
Nd4 Kc1 124. Bb4 Kb2 125. Kd2 Kb1 126. Nb5 1/2-1/2

[Event "68th ch-RUS HL w 2018"]
[Site "Yaroslavl RUS"]
[Date "2018.06.29"]
[Round "4.22"]
[White "Mokshanova, Elizaveta"]
[Black "Sukhareva, Evgeniya"]
[Result "1/2-1/2"]
[WhiteTitle "WFM"]
[WhiteElo "2046"]
[BlackElo "2234"]
[WhiteFideId "24160679"]
[BlackFideId "4167155"]
[EventDate "2018.06.26"]

1. e4 c5 2. c3 d5 3. exd5 Qxd5 4. d4 e6 5. Nf3 Nf6 6. Be2 Be7 7. O-O O-O 8. Be3
cxd4 9. cxd4 Qd6 10. Nc3 a6 11. Ne5 Nd5 12. Bf3 Nxe3 13. fxe3 Ra7 14. Ne4 Qd8
15. Rc1 Nd7 16. Nxd7 Bxd7 17. Nc5 Bb5 18. Rf2 b6 19. Ne4 Qd7 20. Rfc2 a5 21. Qe1
h6 22. Qg3 f5 23. Nf2 Bg5 24. Qe5 Bf6 25. Qg3 Bg5 26. Qe5 Bf6 27. Qg3 Bg5 28.
Qe5 Bf6 29. Qg3 Bg5 1/2-1/2

[Event "68th ch-RUS HL w 2018"]
[Site "Yaroslavl RUS"]
[Date "2018.06.29"]
[Round "4.23"]
[White "Legenko, Ksenia"]
[Black "Alekseeva, Irina"]
[Result "1-0"]
[WhiteTitle "WFM"]
[WhiteElo "2079"]
[BlackElo "2065"]
[WhiteFideId "4192265"]
[BlackFideId "24178683"]
[EventDate "2018.06.26"]

1. d4 Nf6 2. c4 g6 3. g3 Bg7 4. Bg2 d6 5. Nf3 O-O 6. Nc3 Nbd7 7. O-O e5 8. e4
exd4 9. Nxd4 h6 10. h3 c6 11. Be3 Nc5 12. Qc2 Re8 13. Rad1 Qe7 14. Rfe1 a5 15.
Bf4 Nfd7 16. Nb3 Ne5 17. Nxc5 dxc5 18. Na4 Be6 19. b3 b5 20. cxb5 cxb5 21. Nc3
Qb7 22. Nd5 Rac8 23. Qd2 Kh7 24. Qxa5 b4 25. Be3 Rc6 26. Bxc5 Nd7 27. Bd4 Bf8
28. Qa7 Qc8 29. Be3 Bg7 30. Nxb4 Rc7 31. Qa3 Bf8 32. Qa5 Nb8 33. Nd5 Bxd5 34.
Qxd5 Bg7 35. Rc1 Nc6 36. Bf4 Ne5 37. Rxc7 Qxc7 38. Rc1 Qa7 39. a4 Re7 40. Be3
Qa6 41. Qc4 1-0

[Event "68th ch-RUS HL w 2018"]
[Site "Yaroslavl RUS"]
[Date "2018.06.30"]
[Round "5.1"]
[White "Tomilova, Elena"]
[Black "Gritsayeva, Oksana"]
[Result "1/2-1/2"]
[WhiteTitle "WIM"]
[BlackTitle "WFM"]
[WhiteElo "2334"]
[BlackElo "2355"]
[WhiteFideId "4162340"]
[BlackFideId "14104652"]
[EventDate "2018.06.26"]

1. Nf3 Nf6 2. c4 b6 3. g3 Bb7 4. Bg2 g6 5. O-O Bg7 6. d4 O-O 7. d5 b5 8. Nc3 b4
9. Na4 d6 10. a3 c6 11. Ne1 bxa3 12. Rxa3 cxd5 13. cxd5 Nbd7 14. e4 Ba6 15. Nd3
Qc7 16. Re1 Bxd3 17. Qxd3 Rfc8 18. Bh3 Qc2 19. Qxc2 Rxc2 20. Be3 Ne5 21. Bd4
Nfg4 22. Rd1 h5 23. Bg2 Nc4 24. Rc3 Rxc3 25. bxc3 Rb8 26. Bxa7 Ra8 27. Nb6 Rxa7
28. Nxc4 Ra2 29. f3 Ne5 30. Nxe5 Bxe5 31. c4 g5 32. f4 gxf4 33. Bf3 fxg3 34.
hxg3 Rc2 35. Bxh5 Rxc4 36. Rf1 f6 37. Bg6 Rc3 38. Kf2 Rxg3 39. Rg1 Rg5 40. Rxg5
fxg5 41. Kf3 Kg7 42. Bf5 Kf6 1/2-1/2

[Event "68th ch-RUS HL w 2018"]
[Site "Yaroslavl RUS"]
[Date "2018.06.30"]
[Round "5.2"]
[White "Vasilevich, Tatjana"]
[Black "Shuvalova, Polina"]
[Result "1/2-1/2"]
[WhiteTitle "IM"]
[BlackTitle "WIM"]
[WhiteElo "2360"]
[BlackElo "2418"]
[WhiteFideId "14101610"]
[BlackFideId "24171760"]
[EventDate "2018.06.26"]

1. d4 Nf6 2. Nf3 e6 3. Bf4 d5 4. e3 Bd6 5. Bg3 O-O 6. Bd3 c5 7. c3 b6 8. Nbd2
Bb7 9. Ne5 Nc6 10. O-O Qc7 11. Nxc6 Bxc6 12. Bxd6 Qxd6 13. Qf3 Rfe8 14. Rfd1
Rad8 15. a4 e5 16. Qg3 Nh5 17. Qh4 g6 18. a5 exd4 19. exd4 c4 20. Bf1 b5 21. b4
Re7 22. Re1 Rde8 23. Rxe7 Rxe7 24. Nf3 f6 25. g4 Nf4 26. g5 Re4 27. Qg3 Bd7 28.
Kh1 Kg7 29. Re1 Bf5 30. Re3 Qe6 31. Nd2 Rxe3 32. fxe3 Be4+ 33. Kg1 Nd3 34. Bxd3
cxd3 35. Qc7+ Kf8 36. Qb8+ Ke7 37. Qxa7+ Ke8 38. Qb8+ Kd7 39. Qxb5+ Kc8 40. Qc5+
Kd7 41. Qa7+ Kc8 42. Qa8+ Kc7 43. Qa7+ Kc8 44. Qa8+ 1/2-1/2

[Event "68th ch-RUS HL w 2018"]
[Site "Yaroslavl RUS"]
[Date "2018.06.30"]
[Round "5.3"]
[White "Nechaeva, Marina"]
[Black "Kovanova, Baira"]
[Result "1/2-1/2"]
[WhiteTitle "IM"]
[BlackTitle "WGM"]
[WhiteElo "2410"]
[BlackElo "2369"]
[WhiteFideId "4149351"]
[BlackFideId "4164083"]
[EventDate "2018.06.26"]

1. d4 Nf6 2. c4 e6 3. Nc3 Bb4 4. Nf3 O-O 5. Bg5 c5 6. Rc1 cxd4 7. Nxd4 h6 8. Bh4
d5 9. cxd5 g5 10. Bg3 Qxd5 11. e3 Qxa2 12. Qc2 Nd5 13. h4 Nxc3 14. hxg5 Na4+ 15.
Kd1 Qxb2 16. Qxb2 Nxb2+ 17. Kc2 hxg5 18. Kxb2 Be7 19. Bd3 Nd7 20. Rh6 Bf6 21.
Rc7 Bd8 22. Rc1 Bf6 23. Rc7 Bd8 24. Rc1 1/2-1/2

[Event "68th ch-RUS HL w 2018"]
[Site "Yaroslavl RUS"]
[Date "2018.06.30"]
[Round "5.4"]
[White "Ovod, Evgenija"]
[Black "Kovalevskaya, Ekaterina"]
[Result "1-0"]
[WhiteTitle "IM"]
[BlackTitle "IM"]
[WhiteElo "2360"]
[BlackElo "2402"]
[WhiteFideId "4131827"]
[BlackFideId "4116704"]
[EventDate "2018.06.26"]

1. e4 c5 2. Nf3 Nc6 3. c3 d5 4. exd5 Qxd5 5. d4 Bf5 6. Be2 cxd4 7. cxd4 Bxb1 8.
Rxb1 e6 9. a3 Nf6 10. O-O Bd6 11. b4 O-O 12. Bb2 Rfd8 13. Rc1 Ne7 14. Ne5 Bxe5
15. dxe5 Qxd1 16. Rfxd1 Rxd1+ 17. Bxd1 Nfd5 18. g3 a5 19. b5 Rc8 20. Rxc8+ Nxc8
21. f4 g6 22. Kf2 Kf8 23. Kf3 h5 24. Ke4 Nce7 25. Bb3 b6 26. Bd4 Ke8 27. h3 Kd7
28. g4 hxg4 29. hxg4 Kc7 30. Bc4 Kd7 31. Bb2 Ke8 32. Bc1 Nc3+ 33. Kd4 Ncd5 34.
Bd2 Kd7 35. Ke4 Nc7 36. Bd3 Ncd5 37. Kd4 Nc7 38. Kc4 Kc8 39. Be4 Kd7 40. Be3
Ncd5 41. Bd4 Kc7 42. f5 gxf5 43. gxf5 Nf4 44. f6 Ned5 45. Kb3 Kd7 46. Kc2 Ne2
47. Bf2 Nef4 48. Kd2 Ke8 49. Bd4 Kd7 50. Ke1 Ke8 51. Kf2 Kd7 52. Kf3 a4 53. Bc2
Ng6 54. Bxa4 Nh4+ 55. Ke4 Nf5 56. Bb2 Ng3+ 57. Kd3 Nf4+ 58. Kc4 Nf5 59. Bb3 Ng6
60. Kd3 Nf4+ 61. Ke4 Nh3 62. Bc3 Nf2+ 63. Kf3 Nd3 64. Bc4 Nc5 65. Kf4 Nh4 66.
Bd4 Ng6+ 67. Ke3 Kc7 68. Be2 Nd7 69. Ke4 Kd8 70. a4 Kc7 71. Bh5 Kd8 72. Bxg6
fxg6 73. Kf4 Ke8 74. Kg5 Kf7 75. Kh6 Kf8 76. Kxg6 Kg8 77. f7+ Kf8 78. a5 1-0

[Event "68th ch-RUS HL w 2018"]
[Site "Yaroslavl RUS"]
[Date "2018.06.30"]
[Round "5.5"]
[White "Protopopova, Anastasiya"]
[Black "Bodnaruk, Anastasia"]
[Result "1-0"]
[WhiteTitle "WFM"]
[BlackTitle "IM"]
[WhiteElo "2262"]
[BlackElo "2451"]
[WhiteFideId "24172073"]
[BlackFideId "4181751"]
[EventDate "2018.06.26"]

1. Nf3 Nf6 2. c4 g6 3. d4 Bg7 4. Nc3 O-O 5. Bf4 c5 6. d5 d6 7. e4 b5 8. cxb5 a6
9. a4 Qa5 10. Nd2 Nh5 11. Bg5 Qb4 12. Qc2 f6 13. Be3 f5 14. Nc4 axb5 15. Nb6 Ra7
16. Nxc8 Rxc8 17. Bxb5 f4 18. Bd2 Qd4 19. Be2 Qe5 20. Nb5 Rb7 21. Bc3 Qg5 22.
O-O Nd7 23. Bxg7 Nxg7 24. f3 Ne5 25. a5 Ne8 26. a6 Rbb8 27. a7 Ra8 28. Ra6 Qf6
29. Rfa1 Kg7 30. Rb6 Nc7 31. Rb8 Raxb8 32. axb8=Q Rxb8 33. Nxc7 Rxb2 34. Qd1 Kh6
35. Rb1 Ra2 36. Ne6 c4 37. Rc1 c3 38. Rxc3 g5 39. Rc2 Ra1 40. Rc1 Ra2 41. h3 Ng6
42. Bc4 Rb2 43. Rb1 Qc3 44. Rxb2 Qxb2 45. Nd4 Ne5 46. Bf1 Kg6 47. Nf5 Kf6 48.
Qd4 Qa3 49. Qb6 Ng6 50. Qc7 Qb4 51. Qd7 Kf7 52. Kh2 Qc5 53. Qe6+ Kf8 54. e5 dxe5
55. d6 exd6 56. Bc4 1-0

[Event "68th ch-RUS HL w 2018"]
[Site "Yaroslavl RUS"]
[Date "2018.06.30"]
[Round "5.6"]
[White "Galliamova, Alisa"]
[Black "Paramzina, Anastasya"]
[Result "1-0"]
[WhiteTitle "IM"]
[BlackTitle "WGM"]
[WhiteElo "2422"]
[BlackElo "2255"]
[WhiteFideId "4129725"]
[BlackFideId "4165012"]
[EventDate "2018.06.26"]

1. e4 c5 2. Nf3 d6 3. d4 cxd4 4. Nxd4 Nf6 5. Nc3 a6 6. g3 e5 7. Nde2 Be7 8. Bg2
O-O 9. O-O Be6 10. a4 Nbd7 11. b3 Rc8 12. Be3 Ng4 13. Bd2 Bg5 14. h3 Bxd2 15.
Qxd2 Nh6 16. Qxd6 Rc6 17. Qd3 Qc8 18. g4 Kh8 19. Rac1 Nc5 20. Qg3 Nd7 21. Rfd1
b5 22. axb5 axb5 23. Qd3 Nc5 24. Qxb5 Nxg4 25. Nd5 Bxd5 26. exd5 Rg6 27. hxg4
Qxg4 28. Ng3 Nd7 29. Re1 Rd8 30. Ra1 Nf6 31. Ra4 Qg5 32. Qb6 Nxd5 33. Qb7 Qd2
34. Rae4 f6 35. R4e2 Qd4 36. Re4 Qd2 37. R4e2 Qd4 38. Bxd5 Rxg3+ 39. Bg2 Rg5 40.
Qe4 Qb6 41. Ra1 Qb8 42. Kf1 h5 43. Ra8 Qb6 44. Rxd8+ Qxd8 45. Qa8 1-0

[Event "68th ch-RUS HL w 2018"]
[Site "Yaroslavl RUS"]
[Date "2018.06.30"]
[Round "5.7"]
[White "Savina, Anastasia"]
[Black "Balaian, Alina"]
[Result "1-0"]
[WhiteTitle "IM"]
[BlackTitle "WIM"]
[WhiteElo "2343"]
[BlackElo "2221"]
[WhiteFideId "4196872"]
[BlackFideId "24115347"]
[EventDate "2018.06.26"]

1. d4 Nf6 2. Nf3 g6 3. Nc3 d5 4. Bf4 Bg7 5. e3 O-O 6. Be2 c5 7. Ne5 cxd4 8. exd4
Nc6 9. O-O Qb6 10. Nxc6 bxc6 11. Na4 Qa5 12. c3 Nd7 13. Re1 e5 14. dxe5 Nxe5 15.
Bf1 Re8 16. b3 Bf5 17. h3 h5 18. Re3 Qd8 19. Qd2 Qa5 20. Qe2 f6 21. Bg3 Kf7 22.
Re1 Bd3 23. Qd1 Bxf1 24. Kxf1 Qb5+ 25. Kg1 Nd3 26. Rxe8 Rxe8 27. Rxe8 Kxe8 28.
Qe2+ Kf7 29. Qe3 a6 30. Bd6 f5 31. Nb6 Bf6 32. Nd7 f4 33. Bxf4 Bxc3 34. Bd6 Bg7
35. Qe7+ Kg8 36. Nf6+ Bxf6 37. Qf8+ Kh7 38. Qf7+ Kh6 39. Qxf6 Qb7 40. Be7 Kh7
41. Qf7+ 1-0

[Event "68th ch-RUS HL w 2018"]
[Site "Yaroslavl RUS"]
[Date "2018.06.30"]
[Round "5.8"]
[White "Belenkaya, Dina"]
[Black "Dordzhieva, Dinara"]
[Result "0-1"]
[WhiteTitle "WGM"]
[BlackTitle "WIM"]
[WhiteElo "2308"]
[BlackElo "2274"]
[WhiteFideId "24142654"]
[BlackFideId "24157570"]
[EventDate "2018.06.26"]

1. e4 c5 2. Nf3 e6 3. c4 Nc6 4. Nc3 g5 5. d3 g4 6. Nd2 h5 7. Nb3 d6 8. Be3 e5 9.
Qd2 Bh6 10. Nd5 Be6 11. Be2 Nd4 12. Nxd4 cxd4 13. Bxh6 Nxh6 14. Bd1 Rc8 15. Qb4
Bxd5 16. cxd5 O-O 17. h3 Kg7 18. Qxb7 Qa5+ 19. Kf1 Qd2 20. Qa6 f5 21. Qxd6 fxe4
22. Qxe5+ Rf6 23. Kg1 Qxf2+ 24. Kh2 Re8 25. Qc7+ Rf7 26. Qg3 Qxg3+ 27. Kxg3 Nf5+
28. Kf4 Ne3+ 29. Kg3 Nf5+ 30. Kf4 Nd6+ 31. Kg3 exd3 32. hxg4 Ne4+ 33. Kh4 hxg4
34. Bxg4 Rf4 35. Kh3 Rh8+ 0-1

[Event "68th ch-RUS HL w 2018"]
[Site "Yaroslavl RUS"]
[Date "2018.06.30"]
[Round "5.9"]
[White "Khokhlova, Daria"]
[Black "Potapova, Margarita"]
[Result "1/2-1/2"]
[BlackTitle "WFM"]
[WhiteElo "2198"]
[BlackElo "2302"]
[WhiteFideId "24182729"]
[BlackFideId "14126869"]
[EventDate "2018.06.26"]

1. d4 Nf6 2. c4 e6 3. Nc3 Bb4 4. Qc2 O-O 5. Bg5 h6 6. Bh4 d5 7. cxd5 exd5 8. e3
g5 9. Bg3 Ne4 10. Bd3 f5 11. Ne2 c6 12. f3 Nxg3 13. hxg3 Kg7 14. O-O-O Na6 15.
g4 fxg4 16. Ng3 Qd6 17. Nh5+ Kg8 18. f4 gxf4 19. Nxf4 Kg7 20. Nh5+ Kh8 21. Ne2
Qe7 22. Nef4 Qxe3+ 23. Kb1 Rxf4 24. Nxf4 Qxf4 25. Bxa6 bxa6 26. Qxc6 Bf5+ 27.
Ka1 Rf8 28. Rxh6+ Kg7 29. Rhh1 Qd6 30. Qc1 Be4 31. Qg5+ Qg6 32. Qe5+ Qf6 33. Qh5
Qg6 34. Qe5+ Qf6 35. Qh5 Qg6 1/2-1/2

[Event "68th ch-RUS HL w 2018"]
[Site "Yaroslavl RUS"]
[Date "2018.06.30"]
[Round "5.10"]
[White "Charochkina, Daria"]
[Black "Afonasieva, Anna"]
[Result "1-0"]
[WhiteTitle "IM"]
[BlackTitle "WFM"]
[WhiteElo "2343"]
[BlackElo "2217"]
[WhiteFideId "4180917"]
[BlackFideId "24173606"]
[EventDate "2018.06.26"]

1. c4 c6 2. d4 d5 3. Nc3 Nf6 4. Nf3 dxc4 5. a4 Bf5 6. Nh4 e6 7. Nxf5 exf5 8. e3
Bb4 9. Bxc4 O-O 10. Qc2 g6 11. O-O Nbd7 12. f3 Rc8 13. Kh1 c5 14. Ba2 Qb6 15.
dxc5 Qxc5 16. Bd2 Nb6 17. e4 fxe4 18. Bh6 e3 19. Bxf8 Qxf8 20. Qd3 Re8 21. Ne4
Nbd7 22. Qxe3 Nxe4 23. fxe4 Ne5 24. Qxa7 Qe7 25. Bd5 Qd6 26. Rad1 Re7 27. Qa8+
Kg7 28. Bxf7 Qc7 29. Qg8+ Kh6 30. Qf8+ Kh5 31. Rf5+ Kg4 32. Qh6 gxf5 33. Bh5+ 1-0

[Event "68th ch-RUS HL w 2018"]
[Site "Yaroslavl RUS"]
[Date "2018.06.30"]
[Round "5.11"]
[White "Voit, Daria"]
[Black "Getman, Tatyana"]
[Result "1-0"]
[WhiteTitle "FM"]
[BlackTitle "WFM"]
[WhiteElo "2380"]
[BlackElo "2146"]
[WhiteFideId "4182146"]
[BlackFideId "34166146"]
[EventDate "2018.06.26"]

1. d4 d5 2. c4 e6 3. Nc3 Nf6 4. cxd5 exd5 5. Bg5 Bb4 6. Qa4+ Nc6 7. e3 O-O 8.
Bd3 h6 9. Bh4 Re8 10. Ne2 Qd6 11. O-O Bg4 12. Bxf6 gxf6 13. Nf4 Bxc3 14. bxc3
Ne7 15. c4 b6 16. cxd5 Nxd5 17. Nxd5 Qxd5 18. Bb5 Re6 19. Bc4 Qg5 20. f4 Qg6 21.
Bxe6 Bxe6 22. Qc6 Rd8 23. e4 Bh3 24. Rf2 Kh8 25. f5 Qg5 26. Qc1 Qh4 27. Qf4 Qxf4
28. Rxf4 Rg8 29. Rh4 Bxg2 30. Kf2 1-0

[Event "68th ch-RUS HL w 2018"]
[Site "Yaroslavl RUS"]
[Date "2018.06.30"]
[Round "5.12"]
[White "Maltsevskaya, Aleksandra"]
[Black "Loskutova, Viktoriya"]
[Result "1/2-1/2"]
[WhiteElo "2279"]
[BlackElo "2096"]
[WhiteFideId "24174041"]
[BlackFideId "34166278"]
[EventDate "2018.06.26"]

1. d4 Nf6 2. c4 e6 3. Nf3 b6 4. g3 Bb4+ 5. Bd2 Be7 6. Bg2 c6 7. O-O O-O 8. Qc2
d5 9. b3 Ba6 10. a4 Nbd7 11. Rc1 Rc8 12. a5 b5 13. c5 Ne4 14. Bb4 Qc7 15. e3
Rce8 16. Ne1 Nef6 17. f4 Ng4 18. Qe2 f5 19. Nd3 Bc8 20. a6 Bd8 21. Ba5 Qb8 22.
Nb4 Qa8 23. Bxd8 Rxd8 24. Nc3 Ngf6 25. Nxc6 Qxc6 26. Qxb5 Qc7 27. Qa4 Nb8 28. b4
Nxa6 29. b5 Nb8 30. Qxa7 Rf7 31. Qxc7 Rxc7 32. Ra8 Bd7 33. Rca1 Ne4 34. Bxe4
fxe4 35. f5 Kf7 36. R1a7 Rxa7 37. Rxa7 Kf6 38. fxe6 Bxe6 39. c6 Rc8 40. c7 Nd7
41. Na4 Ke7 42. Nc5 Bh3 43. Nxd7 Bxd7 44. b6 Bc6 45. Kf2 Kd7 46. Ke1 Ba8 47. b7
Bxb7 48. Rxb7 Rxc7 49. Rb2 Ra7 50. Kd2 Ke6 51. Rb6+ Kf5 52. Rd6 Ra2+ 53. Kc3
Rxh2 54. Rxd5+ Kg4 55. Re5 Kf3 56. d5 Rh1 57. Kd2 Rh2+ 58. Kc3 Rh1 59. Kd2 Rh2+ 1/2-1/2

[Event "68th ch-RUS HL w 2018"]
[Site "Yaroslavl RUS"]
[Date "2018.06.30"]
[Round "5.13"]
[White "Vinokur, Yuliya"]
[Black "Solozhenkina, Elizaveta"]
[Result "1/2-1/2"]
[WhiteTitle "WFM"]
[BlackTitle "WIM"]
[WhiteElo "2131"]
[BlackElo "2258"]
[WhiteFideId "34127515"]
[BlackFideId "34106615"]
[EventDate "2018.06.26"]

1. d4 Nf6 2. c4 e6 3. g3 d5 4. Nf3 dxc4 5. Bg2 a6 6. O-O Nc6 7. e3 Rb8 8. Qe2 b5
9. Rd1 Be7 10. Ne5 Nxe5 11. dxe5 Nd7 12. f4 Bc5 13. Bc6 Qe7 14. a4 O-O 15. axb5
axb5 16. Nc3 b4 17. Ne4 f5 18. Bxd7 fxe4 19. Bc6 Rb6 20. Bxe4 Ba6 21. b3 Rd8 22.
Rxd8+ Qxd8 23. bxc4 b3 24. Bb2 Qc8 25. Kf2 Rb4 26. Bd3 h6 27. Qf3 Qd7 28. Rd1
Bb7 29. Bh7+ Kxh7 30. Rxd7 Bxf3 31. Kxf3 Rxc4 32. Rd3 Rb4 33. e4 g6 34. Rd7+ Kg8
35. Rxc7 Rc4 36. Ba3 Rc3+ 37. Kg4 Bb4 38. Ra7 Rc2 39. Ra8+ Kh7 40. Ra7+ Kg8 41.
Ra8+ Kh7 42. Ra7+ 1/2-1/2

[Event "68th ch-RUS HL w 2018"]
[Site "Yaroslavl RUS"]
[Date "2018.06.30"]
[Round "5.14"]
[White "Schepetkova, Margarita"]
[Black "Faizutdinova, Diana"]
[Result "1-0"]
[WhiteTitle "WIM"]
[WhiteElo "2244"]
[BlackElo "2046"]
[WhiteFideId "4189949"]
[BlackFideId "24143731"]
[EventDate "2018.06.26"]

1. d4 Nf6 2. c4 d6 3. Nf3 g6 4. Nc3 Bf5 5. d5 Bg7 6. Nd4 Bd7 7. e4 c6 8. Be2 Na6
9. f3 Nc5 10. Be3 cxd5 11. cxd5 O-O 12. b4 Na6 13. a3 Nc7 14. O-O Nfe8 15. Rc1
f5 16. exf5 gxf5 17. Nb3 Nf6 18. Re1 Qe8 19. Bf1 Qf7 20. Qd2 b5 21. Na5 Nfxd5
22. Nxd5 Nxd5 23. Bf2 a6 24. Red1 Be6 25. a4 bxa4 26. Re1 Rfc8 27. Rxc8+ Rxc8
28. Bxa6 Rc7 29. Bc4 Nf4 30. Bxe6 Nxe6 31. Qa2 Nd4 32. Qxa4 Qg6 33. Qa2+ Kf8 34.
Qd5 e6 35. Qxd6+ Kg8 36. Qd8+ 1-0

[Event "68th ch-RUS HL w 2018"]
[Site "Yaroslavl RUS"]
[Date "2018.06.30"]
[Round "5.15"]
[White "Yakimenko, Viktoria"]
[Black "Semenova, Elena1"]
[Result "1-0"]
[WhiteTitle "WFM"]
[BlackTitle "WIM"]
[WhiteElo "2078"]
[BlackElo "2238"]
[WhiteFideId "24174998"]
[BlackFideId "24125148"]
[EventDate "2018.06.26"]

1. e4 e5 2. Nf3 Nc6 3. Bb5 a6 4. Ba4 d6 5. O-O Bd7 6. d4 b5 7. Bb3 Nxd4 8. Nxd4
exd4 9. c3 dxc3 10. Qh5 Qf6 11. Nxc3 Ne7 12. Re1 h6 13. Bd2 Ng6 14. Nd5 Qd8 15.
e5 Be6 16. Ba5 Rc8 17. Nxc7+ Rxc7 18. Bxe6 Nf4 19. Bxf7+ Rxf7 20. exd6+ Be7 21.
Qc5 Qa8 22. d7+ Kf8 23. Qc8+ 1-0